|
|
|
|
| LEADER |
00000nam a2200000 a 4500 |
| 001 |
vtls009188354 |
| 003 |
SK-MaSNL |
| 005 |
20260301210643.0 |
| 008 |
240315s1966 xr al d p 000 0 cze |
| 020 |
|
|
|q (brož.)
|
| 040 |
|
|
|a SNK
|b slo
|c SNK
|e AACR2
|
| 041 |
0 |
|
|a cze
|
| 044 |
|
|
|a xr
|c CZ
|
| 072 |
|
7 |
|a 796
|x Šport. Hry. Telesné cvičenia
|2 konspekt
|
| 080 |
|
|
|a 796.5
|2 2001
|
| 080 |
|
|
|a 373.3
|2 2001
|
| 080 |
|
|
|a (075.8)
|2 2001
|
| 100 |
1 |
|
|a Přibyl, Josef,
|d 1931-
|4 aut
|9 122465
|
| 245 |
1 |
0 |
|a Turistika na školách I. cyklu
|c Josef Přibyl a kolektiv
|
| 250 |
|
|
|a [1. vyd.]
|
| 260 |
|
|
|a Ostrava
|b Pedagogická fakulta
|c [1966]
|
| 300 |
|
|
|a 221 s.
|b ilustr., tab.
|c 20 cm
|
| 366 |
|
|
|e 1500 výt.
|
| 490 |
1 |
|
|a Učební texty vysokých škol
|
| 504 |
|
|
|a Bibliogr. s. 217-221
|
| 521 |
|
|
|a Pre poslucháčov Pedagogickej fakulty
|
| 650 |
0 |
7 |
|a turistika
|2 SNKPH
|9 683
|
| 650 |
0 |
7 |
|a základné školy
|2 SNKPH
|9 1280
|
| 655 |
|
7 |
|a učebnice vysokých škôl
|2 SNKPH
|9 70191
|
| 830 |
|
0 |
|a Učební texty vysokých škol
|9 282281
|
| 958 |
|
|
|a OND
|
| 999 |
|
|
|c 914331
|d 916261
|
| 952 |
|
|
|a SNK
|b SNK
|y VYP
|7 0
|p 17A0592480
|o snkID 41457
|i snkKIP 3921/66
|0 0
|1 0
|4 0
|d 2009-07-14
|l 0
|r 2026-02-24 07:55:05
|w 2026-02-24
|
| 952 |
|
|
|a SNK
|b SNK
|y VYP
|7 0
|p 17A0579913
|o snkID 41457 D1
|i snkKIP 3922/66
|0 0
|1 1
|4 0
|d 2008-03-03
|l 0
|r 2026-02-24 07:55:05
|w 2026-02-24
|